000 00951nam2a2200241 4500
001 rc\2657935
005 20110615154248.8
035 _a(NLR Aleph) 006965123
090 _a13565346
_c13565346
100 _a20110615d1931 |||y0rusy50 ca
101 0 _arus
102 _aRU
105 _ay z |||||
200 1 _aКумарон, инден и другие резиногены в составе каменноугольного сырого бензола
210 _d1931
461 0 _1001rc\2657928
_12001#$aТруды Лаборатории профессора Л.Ф. Фокина в Ленинградском технологическом институте по углехимической промышленности$eВып. 1-$vВып. 14
700 1 _aФокин
_bЛ. Ф.
701 1 _aРущинский
_bА. Л.
801 0 _aRU
_bNLR
_gpsbo
801 1 _aRU
_bELAR
_2rusmarc
852 _aNLR
_j30.17/246
942 _cBOOK
980 _aNB